000 00571nam a2200169Ia 4500
003 GCL
008 140319s9999 xx 000 0 ara d
040 _aGCL /
_cGCL
082 0 4 _a928.183
_bن م
100 1 _aناصرالدين الاسد
245 1 0 _aمحاضرات عن خليل بيرس:رائد القصة العربية المدنية فى فلسطين /
_cناصرالدين الاسد
260 _a[S.N] :
_bمعهد الدراسات العربية العالية ،
_c1963
300 _a90 ص
490 _a
650 0 4 _aالادباء
942 _2ddc
_cBK
999 _c54445
_d54445